| 000 | 00961nam a2200217Ia 4500 | ||
|---|---|---|---|
| 999 |
_c29575 _d29575 |
||
| 003 | OSt | ||
| 005 | 20211206163419.0 | ||
| 008 | 160316s2011 xxu||||| |||| 00| 0 eng d | ||
| 020 | _a9780415714952 | ||
| 040 | _cNLS | ||
| 082 | _a301.01 STR | ||
| 100 | _aStrydom Piet | ||
| 245 | _aContemporary critical theory and methodology | ||
| 260 |
_aLondon _bRoutledge _c2011 |
||
| 300 |
_a255p _cxi |
||
| 365 | _bRs. 1,623 | ||
| 505 | _aTable of Contents: Part I: Metatheoretical foundations; 1. Classical Foundations; 2. Appropriation of the Classical Foundations; 3. Contemporary Critical Theory and Pragmatism; 4. Immanent Transcendence as Key Concept; Part II: Methodology; 5. Contemporary Critical Theorists on Methodology; 6. The Methodological Framework of Critical Theory; 7. Varieties of Critique: Critical Theory Compared; 8. Methodology in Action. | ||
| 650 | _a1. Critical Theory - Methodology | ||
| 700 |
_a _a |
||
| 942 |
_2ddc _cBK |
||